00762nac a22002171u 4500010001600000020001500016082001800031090001500049100003400064245005500098260006000153300002500213500002000238500002700258511002800285650002400313650006600337942002000403999001500423952010600438 a 87010257 a039805381200a363.3764bYER c5972d5972 aYereance, Robert A., 10aElectrical fire analysis /cby Robert A. Yereance. aSpringfield, Ill., U.S.A. :bC.C. Thomas,c1987.cc1987. axv, 263 p. ;c26 cm. aIncludes index. aDistributer: Al-Ahram. aCatalogued By: Mahitab. 0aFire investigation. 0aElectric apparatus and appliancesxFires and fire prevention. cBBk363.3764YER c5972d5972 00104070aMAINbMAINc1STd2011-11-07ePurchasel0o363.3764YERp000006971r2025-07-15 00:00:00yBB